| 000 | 00646cam a22002054a 4500 | ||
|---|---|---|---|
| 020 | _a0471152277 | ||
| 020 | _a0471451525 | ||
| 082 | 0 | 4 |
_a621.3678 _bLIL |
| 100 | 1 |
_aLillesand, Thomas M. _93473 |
|
| 245 | 1 | 0 |
_aRemote sensing and image interpretation / _cThomas M. Lillesand, Ralph W. Kiefer, Jonathan W. Chipman. |
| 250 | _a5th ed. | ||
| 260 |
_aNew York : _bWiley, _cc2004. |
||
| 300 |
_axiv, 763 p. : _bill., maps (some col.) ; _c25 cm. |
||
| 526 |
_a0 _b0 _c0 _d621_367800000000000_LIL |
||
| 650 | 0 |
_aMCE _9379 |
|
| 650 | 0 | _aRemote sensing. | |
| 700 | 1 |
_aChipman, Jonathan W. _936262 |
|
| 700 | 1 |
_aKiefer, Ralph W. _93486 |
|
| 942 |
_2ddc _cBK |
||
| 999 |
_c550971 _d550971 |
||